书目信息 |
| 题名: |
中国医疗装备及关键零部件技术与应用
|
|
| 作者: | 李玉敏 主编 ;机械工业仪器仪表综合技术经济研究所 , 中国医学装备协会 编著 | |
| 分册: | ||
| 出版信息: | 北京 机械工业出版社 2025.03 |
|
| 页数: | 11,378页 | |
| 开本: | 26cm | |
| 丛书名: | ||
| 单 册: | ||
| 中图分类: | F426.7 | |
| 科图分类: | ||
| 主题词: | 医疗器械--制造工业--研究--中国 | |
| 电子资源: | ||
| ISBN: | 978-7-111-77547-8 | |
| 000 | 01192nam0 2200253 450 | |
| 001 | 013558295 | |
| 005 | 20251022180724.84 | |
| 010 | @a978-7-111-77547-8@dCNY169.00 | |
| 100 | @a20250416d2025 em y0chiy0120 ea | |
| 101 | 0 | @achi |
| 102 | @aCN@b110000 | |
| 105 | @aa z 000yy | |
| 106 | @ar | |
| 200 | 1 | @a中国医疗装备及关键零部件技术与应用@9zhong guo yi liao zhuang bei ji guan jian ling bu jian ji shu yu ying yong@f机械工业仪器仪表综合技术经济研究所,中国医学装备协会零部件分会编著 |
| 210 | @a北京@c机械工业出版社@d2025.03 | |
| 215 | @a11,378页@c图,照片@d26cm | |
| 330 | @a本书以典型、成熟的医疗装备领域为主线,剖析了各领域医疗装备及关键零部件的相关技术现状和应用情况,梳理了医疗装备的工作原理、关键零部件、关键技术及典型临床应用,旨在促进医工融合,推动行业技术进步,提升医疗装备水平。 | |
| 606 | 0 | @a医疗器械@x制造工业@x研究@y中国 |
| 690 | @aF426.7@v5 | |
| 701 | 0 | @a李玉敏@9li yu min@4主编 |
| 712 | 02 | @a机械工业仪器仪表综合技术经济研究所@9ji xie gong ye yi qi yi biao zong he ji shu jing ji yan jiu suo@4编著 |
| 712 | 02 | @a中国医学装备协会@9zhong guo yi xue zhuang bei xie hui@b零部件分会@4编著 |
| 801 | 0 | @aCN@c20250909 |
| 905 | @a河南城建学院图书馆@dF426.7@eL324@ZL324@f1 | |
| 中国医疗装备及关键零部件技术与应用/机械工业仪器仪表综合技术经济研究所,中国医学装备协会零部件分会编著.-北京:机械工业出版社,2025.03 |
| 11,378页:图,照片;26cm |
| ISBN 978-7-111-77547-8:CNY169.00 |
| 本书以典型、成熟的医疗装备领域为主线,剖析了各领域医疗装备及关键零部件的相关技术现状和应用情况,梳理了医疗装备的工作原理、关键零部件、关键技术及典型临床应用,旨在促进医工融合,推动行业技术进步,提升医疗装备水平。 |
| ● |
| 相关链接 |
|
|
|
正题名:中国医疗装备及关键零部件技术与应用
索取号:F426.7/L324
 
预约/预借
| 序号 | 登录号 | 条形码 | 馆藏地/架位号 | 状态 | 备注 |
| 1 | 1632879 | 216328793 | 社科库409/409社科库 36排5列5层/ [索取号:F426.7/L324] | 在馆 |